01005nam a22002177a 450000500170000000800410001704000250005804100080008304400070009110000180009824500950011626000310021130000450024252002210028765000400050865000320054865000600058070000240064070000260066477300970069020150630132007.0150630b2006 ck ||||| |||| 00| 0 spa d aCO-BoIAVHcCO-BoIAVH aspa ack1 aSalaman, Paul1 aProyecto Loro Orejiamarillo:buna iniciativa de conservación/cPaul Salaman... [et. al.] aBogotá:bProAves,c2006. aAño 2006, Nro 2, Diciembre, Pag. 7-11. aEl Loro Orejiamarillo (Ognorhynchus icterotis) es un loro andino del tamaño de una pequeña guacamaya, tan diferente de cualquier otro loro que taxonómicamente siempre ha sido tratado dentro de un genero aparte. 4aLoros amenazadoszAndes Colombianos 4aPapagayozAndes Colombianos 4aPapagayoxConservación biológicazAndes Colombianos1 aQuevedo-Gil, Alonso1 aVerhelst, Juan Carlos0 dBogotá : Fundación ProAves, 2006-o038446tRevista Conservación Colombianax19001592